| 000 | 00440nam a22001217a 4500 | ||
|---|---|---|---|
| 999 |
_c649 _d649 |
||
| 005 | 20200817114220.0 | ||
| 008 | 200817b ||||| |||| 00| 0 eng d | ||
| 020 | _a0521367379 | ||
| 040 | _cCML | ||
| 245 |
_aFrom New Era to New Deal Herbert Hoover, the Economists, and American Economic policy, 1921-1933. _cBarber, W.J. |
||
| 260 |
_aCambridge _bCambridge University Press _c1985 |
||
| 942 |
_2ddc _cBK _e1st Edition _h338.973 _mBAR |
||